Caring for Kids: (Record no. 83072)

MARC details
000 -LEADER
fixed length control field 00668nam a22001937a 4500
005 - DATE AND TIME OF LATEST TRANSACTION
control field 20140319161356.0
010 ## - LCCN (DPL NO)
LC control number B-516136-143
020 ## - INTERNATIONAL STANDARD BOOK NUMBER
International Standard Book Number 9788190570251
Terms of availability 350.00
035 ## - SYSTEM CONTROL NUMBER
System control number B-516136-143
037 ## - SOURCE OF ACQUISITION
Stock number dpl
Source of stock number/acquisition Janvani Prakashan/Ven
082 ## - DEWEY DECIMAL CLASSIFICATION NUMBER
Classification number 618.92
100 ## - MAIN ENTRY--PERSONAL NAME
Personal name Sethi, Nitin
245 ## - TITLE STATEMENT
Title Caring for Kids:
Remainder of title a complete guide to children health/
Statement of responsibility, etc by Nitin Sethi
260 ## - PUBLICATION, DISTRIBUTION, ETC. (IMPRINT)
Place of publication, distribution, etc Noida
Name of publisher, distributor, etc Calvin Publishing
Date of publication, distribution, etc 2011
270 ## - ADDRESS
Address B-114, Sector-55
City Noida (U.P.)
300 ## - PHYSICAL DESCRIPTION
Extent 167p.:
Other physical details col.ill.
Dimensions 23cm.(Hb)
942 ## - ADDED ENTRY ELEMENTS (KOHA)
Source of classification or shelving scheme Dewey Decimal Classification
Item type Children Books
Classification part 618.92
Call number suffix SET
Holdings
Withdrawn status Lost status Not for loan Collection code Home library Current library Date acquired Source of acquisition Cost, normal purchase price Full call number Barcode Copy number Cost, replacement price Koha item type
      Non-fiction Central Library Central Library 19/03/2014 Janvani/6164/25.03.2013/196/20.03.2013/26.03.2013 350.00 618.92 SET B-516136 1 350.00 Children Books
      Non-fiction Janak Puri Janak Puri 19/03/2014 Janvani/6164/25.03.2013/196/20.03.2013/26.03.2013 350.00 618.92 SET B-516140 1 350.00 Children Books
      Non-fiction Karol Bagh Karol Bagh 19/03/2014 Janvani/6164/25.03.2013/196/20.03.2013/26.03.2013 350.00 618.92 SET B-516142 1 350.00 Children Books
      Non-fiction Kasturba Gandhi Marg Kasturba Gandhi Marg 19/03/2014 Janvani/6164/25.03.2013/196/20.03.2013/26.03.2013 350.00 618.92 SET B-516138 1 350.00 Children Books
      Non-fiction Narela Narela 19/03/2014 Janvani/6164/25.03.2013/196/20.03.2013/26.03.2013 350.00 618.92 SET B-516143 1 350.00 Children Books
      Non-fiction Patel Nagar Patel Nagar 19/03/2014 Janvani/6164/25.03.2013/196/20.03.2013/26.03.2013 350.00 618.92 SET B-516137 1 350.00 Children Books
      Non-fiction Peshwa Road Peshwa Road 19/03/2014 Janvani/6164/25.03.2013/196/20.03.2013/26.03.2013 350.00 618.92 SET B-516139 1 350.00 Children Books
      Non-fiction Sarojini Nagar Sarojini Nagar 19/03/2014 Janvani/6164/25.03.2013/196/20.03.2013/26.03.2013 350.00 618.92 SET B-516141 1 350.00 Children Books

© Delhi Public Library
Hit Counter
free hit counter